000 00670nas a2200229 i 4500
001 174307
003 ES-MaACL
005 20250217134856.0
008 100330d19771978 | | ||pa d
022 _a1137-7542
080 _a343
245 0 0 _aEstudios penales.
260 _aSantiago de Compostela :
_bSecretariado de Publicaciones de la Universidad de Santiago de Compostela,
_c1977-1978.
300 _a341 p. ;
_c21 cm.
310 _aAnual
362 0 _aN. 1 (1977)-n. 2 (1978)
650 4 _aCriminología.
_9135832
785 0 0 _tEstudios penales y criminológicos
852 _aES-MaACL
_jC-57230
866 0 _o(1978 nº 2)
999 _c174307
_d174307